000
00296nam a2200133Ia 4500
100
_a
Sharma/N
942
_c
BK
654
_a
fibre
245
_a
Fibre Optics in telecommunication
260
_b
Tata Mc Graw hill
_a
New Delhi
_c
1987
082
_a
621.381
_b
SHA
300
_a
191
546
_a
ENGLISH
999
_c
19090
_d
19090